|
|
|
|
| LEADER |
02981nam a22005775i 4500 |
| 001 |
978-3-319-66299-2 |
| 003 |
DE-He213 |
| 005 |
20170816141113.0 |
| 007 |
cr nn 008mamaa |
| 008 |
170816s2017 gw | s |||| 0|eng d |
| 020 |
|
|
|a 9783319662992
|9 978-3-319-66299-2
|
| 024 |
7 |
|
|a 10.1007/978-3-319-66299-2
|2 doi
|
| 040 |
|
|
|d GrThAP
|
| 050 |
|
4 |
|a QA76.758
|
| 072 |
|
7 |
|a UMZ
|2 bicssc
|
| 072 |
|
7 |
|a COM051230
|2 bisacsh
|
| 082 |
0 |
4 |
|a 005.1
|2 23
|
| 245 |
1 |
0 |
|a Search Based Software Engineering
|h [electronic resource] :
|b 9th International Symposium, SSBSE 2017, Paderborn, Germany, September 9-11, 2017, Proceedings /
|c edited by Tim Menzies, Justyna Petke.
|
| 264 |
|
1 |
|a Cham :
|b Springer International Publishing :
|b Imprint: Springer,
|c 2017.
|
| 300 |
|
|
|a XXVI, 197 p. 33 illus.
|b online resource.
|
| 336 |
|
|
|a text
|b txt
|2 rdacontent
|
| 337 |
|
|
|a computer
|b c
|2 rdamedia
|
| 338 |
|
|
|a online resource
|b cr
|2 rdacarrier
|
| 347 |
|
|
|a text file
|b PDF
|2 rda
|
| 490 |
1 |
|
|a Lecture Notes in Computer Science,
|x 0302-9743 ;
|v 10452
|
| 505 |
0 |
|
|a Search-Based Software Engineering -- Software testing -- Automated Program Repair -- Software Evolution -- Combinatorial Testing -- Software Requirements Analysis -- Software Configuration -- Multi-Objective Optimization -- Evolutionary computation -- Software Diversity -- Mutation Testing.
|
| 520 |
|
|
|a This book constitutes the refereed proceedings of the 9th International Symposium on Search-Based Software Engineering, SSBSE 2017, held in Paderborn, Germany, in September 2017. The 7 full papers and 5 short papers presented together with 4 challenge track and 2 students student track papers were carefully reviewed and selected from 26 submissions. SSBSE welcomes not only applications from throughout the software engineering lifecycle but also a broad range of search methods ranging from exact Operational Research techniques to nature-inspired algorithms and simulated annealing.
|
| 650 |
|
0 |
|a Computer science.
|
| 650 |
|
0 |
|a Logic design.
|
| 650 |
|
0 |
|a Software engineering.
|
| 650 |
|
0 |
|a Programming languages (Electronic computers).
|
| 650 |
|
0 |
|a Operating systems (Computers).
|
| 650 |
|
0 |
|a Algorithms.
|
| 650 |
|
0 |
|a Artificial intelligence.
|
| 650 |
1 |
4 |
|a Computer Science.
|
| 650 |
2 |
4 |
|a Software Engineering.
|
| 650 |
2 |
4 |
|a Operating Systems.
|
| 650 |
2 |
4 |
|a Programming Languages, Compilers, Interpreters.
|
| 650 |
2 |
4 |
|a Artificial Intelligence (incl. Robotics).
|
| 650 |
2 |
4 |
|a Algorithm Analysis and Problem Complexity.
|
| 650 |
2 |
4 |
|a Logic Design.
|
| 700 |
1 |
|
|a Menzies, Tim.
|e editor.
|
| 700 |
1 |
|
|a Petke, Justyna.
|e editor.
|
| 710 |
2 |
|
|a SpringerLink (Online service)
|
| 773 |
0 |
|
|t Springer eBooks
|
| 776 |
0 |
8 |
|i Printed edition:
|z 9783319662985
|
| 830 |
|
0 |
|a Lecture Notes in Computer Science,
|x 0302-9743 ;
|v 10452
|
| 856 |
4 |
0 |
|u http://dx.doi.org/10.1007/978-3-319-66299-2
|z Full Text via HEAL-Link
|
| 912 |
|
|
|a ZDB-2-SCS
|
| 912 |
|
|
|a ZDB-2-LNC
|
| 950 |
|
|
|a Computer Science (Springer-11645)
|